000 00583nam a22001817a 4500
005 20251108165309.0
008 250721s1996 xx 000 0 ara d
082 1 4 _a956.52/زيا
100 1 _aالمدني، زياد عبد العزيز
245 1 0 _aمدينة القدس و جوارها خلال الفترة 1215- 1245هـ/ 1800- 1830م /
264 1 _aعمان :
_bبنك الأعمال،
_c1996.
300 _a424ص
650 1 7 _aتاريخ فلسطين
650 1 7 _aتاريخ القدس
650 1 7 _aالمدن العربية
942 _2ddc
_cREF
999 _c24444
_d24444